logo

Bir Sreshtho Munshi Abdur Rouf Library
Jhenaidah Cadet College

মানবাধিকার ও উন্নয়ন / (Record no. 1083)

MARC details
000 -LEADER
fixed length control field 00765nam a2200229 a 4500
001 - CONTROL NUMBER
JCCL Control Number 1083
003 - CONTROL NUMBER IDENTIFIER
JCCL marc code BD-JhCC
005 - DATE AND TIME OF LATEST TRANSACTION
control field 20171015155934.0
008 - FIXED-LENGTH DATA ELEMENTS--GENERAL INFORMATION
fixed length control field 171014s2005 bg |||| ||a| 000 0 ben d
020 ## - INTERNATIONAL STANDARD BOOK NUMBER
International Standard Book Number 9843220862
035 ## - SYSTEM CONTROL NUMBER
system control number (BD-JhCC)1083
040 ## - CATALOGING SOURCE
Original cataloging agency BD-JhCC
Modifying agency BD-JhCC
041 ## - LANGUAGE CODE
Language code of Book ben
082 ## - DEWEY DECIMAL CLASSIFICATION NUMBER
Classification number 323.4
Author mark and Year TAL 2005
100 ## - MAIN ENTRY--PERSONAL NAME
Personal name তালুকদার, ড. মোঃ আবদুল হক
245 ## - TITLE STATEMENT
Title মানবাধিকার ও উন্নয়ন /
Statement of responsibility, etc ড. মোঃ আবদুল হক তালুকদার
260 ## - PUBLICATION, DISTRIBUTION, ETC. (IMPRINT)
Place of publication, distribution, etc ঢাকা :
Name of publisher, distributor, etc তিতুমীর লাইব্রেরী প্রকাশনী,
Date of publication, distribution, etc ২০০৫.
300 ## - PHYSICAL DESCRIPTION
Pagination 663 p. :
Dimensions 26 cm.
650 ## - SUBJECT ADDED ENTRY--TOPICAL TERM
Topical term or geographic name as entry element Human Rights
942 ## - ADDED ENTRY ELEMENTS (KOHA)
Source of classification or shelving scheme Dewey Decimal Classification
Koha item type Books
Holdings
Source of classification or shelving scheme Damaged status Not for loan Home library Current library Shelving location Date of accession Cost, normal purchase price Total Checkouts Full call number Barcode Date last seen Copy number Koha item type
Dewey Decimal Classification     JCC Rouf Library JCC Rouf Library General Stacks 10/14/2017 280.00   323.4 TAL 2005 2065 10/14/2017 C-1 Books
Dewey Decimal Classification     JCC Rouf Library JCC Rouf Library General Stacks 02/13/2018 350.00   323.4 TAL 2005 10082 02/13/2018 C-2 Books

JCC Library | Contacts | JCC Home

Last Update on 23 September 2017
Copyright @ 2017-2020 JCC Rouf Library
Rouf Library, Jhenidah Cadet College (JCC), Bangladesh